<?xml version="1.0" encoding="utf-8"?>
<?xml-stylesheet type='text/xsl' href='./oai2.xsl'?>
<OAI-PMH xmlns="http://www.openarchives.org/OAI/2.0/" xmlns:xsi="http://www.w3.org/2001/XMLSchema-instance" xsi:schemaLocation="http://www.openarchives.org/OAI/2.0/ http://www.openarchives.org/OAI/2.0/OAI-PMH.xsd">
  <responseDate>2026-06-06T16:39:12Z</responseDate>
  <request verb="GetRecord" metadataPrefix="marcxml" identifier="record_kuniweb_1360142">https://kulturerbe.niedersachsen.de/oai</request>
  <GetRecord>
    <record>
      <header>
        <identifier>record_kuniweb_1360142</identifier>
        <datestamp>2021-03-24T08:59:20Z</datestamp>
        <setSpec>slg0237</setSpec>
      </header>
      <metadata>
        <marc:record xmlns:marc="http://www.loc.gov/MARC21/slim" xsi:schemaLocation="http://www.loc.gov/MARC21/slim http://www.loc.gov/standards/marcxml/schema/MARC21slim.xsd">
          <marc:leader>12345nam  22     uu 4500</marc:leader>
          <marc:controlfield tag="001">1360142</marc:controlfield>
          <marc:controlfield tag="003">http://kuniweb.gbv.de</marc:controlfield>
          <marc:controlfield tag="005">2020-01-22T10:31:10</marc:controlfield>
          <marc:controlfield tag="008">|           ||||||||||||||||||||||</marc:controlfield>
          <marc:datafield tag="245" ind1="1" ind2="0">
            <marc:subfield code="a">Dreißigjähriger Krieg. Schutzbrief des kaiserlichen General-Leutnants und Rates Johann Graf T‘Serclaes von Tilly für die Bergstadt Altenau</marc:subfield>
          </marc:datafield>
          <marc:datafield tag="655" ind1=" " ind2="7">
            <marc:subfield code="a">Urkunden</marc:subfield>
          </marc:datafield>
          <marc:datafield tag="046" ind1=" " ind2=" ">
            <marc:subfield code="k">1626-03-30</marc:subfield>
            <marc:subfield code="k">30. März 1626</marc:subfield>
          </marc:datafield>
          <marc:datafield tag="260" ind1=" " ind2=" ">
            <marc:subfield code="g">1626-03-30</marc:subfield>
            <marc:subfield code="g">30. März 1626</marc:subfield>
          </marc:datafield>
          <marc:datafield tag="300" ind1=" " ind2=" ">
            <marc:subfield code="a">Breite: 31,5 cm
Höhe: 19 cm</marc:subfield>
          </marc:datafield>
          <marc:datafield tag="520" ind1=" " ind2=" ">
            <marc:subfield code="a">Schutzbrief (Salva Guardia) für die Bergstadt Altenau ausgestellt am 30. März 1626 von Graf T‘Serclaes von Tilly, in welcher der Bergstadt Altenau Schutz vor Angriffen, Plünderungen und Kontributionen zugesagt wird.
Für die Stadt Altenau liegen mehrere Schutzbriefe aus dem Dreißigjährigen Krieg vor. Neben dem Schutzbrief von Graf Tilly sind u. a. die Schutzbriefe von Albrecht von Wallenstein vom 31. Mai 1626 sowie von dem auf Seiten der Protestantischen Union stehenden König Christian IV. von Dänemark und Norwegen vom 11. Juni 1626 in der Harzbibliothek überliefert. (Simone Hacke)

Aufdruck:
Wir Johann, Grave Tserclaes von Tilly, Freiherr von Marbeiß, Herr zu Balastre, Montigni und Breiteneck usw. der röm. kays. auch zu Hungarn und Böheym königlicher Majestät usw. und der Chrufürstl Durchl. Herzogs Maximiliani in Bayern usw. General Leutenant, Rath und respective Cammerer usw. thun hiermit und in Kraft diß kundt und zu wissen, daß wir uff das Bergstädtlein Altenau gegenwärtige unsere salvam Guardiam ertheilet haben. [...]

Stempel:
aufgedrücktes Papiersiegel

Veröffentlicht in:
R. L. Honemann, „Vom Anfange des siebenzehnten Jahrhunderts bis auf Herzogs Friedrich Ulrichs Ableben. Die Alterthümer des Harzes ; Theil 3“. Wendeborn, Clausthal, 1755. (S. 166f.)</marc:subfield>
          </marc:datafield>
          <marc:datafield tag="650" ind1="1" ind2=" ">
            <marc:subfield code="a">Dreißigjähriger Krieg</marc:subfield>
          </marc:datafield>
          <marc:datafield tag="650" ind1="1" ind2=" ">
            <marc:subfield code="a">Militärgeschichte</marc:subfield>
          </marc:datafield>
          <marc:datafield tag="650" ind1="1" ind2=" ">
            <marc:subfield code="a">Bergstadt</marc:subfield>
          </marc:datafield>
          <marc:datafield tag="650" ind1="1" ind2=" ">
            <marc:subfield code="a">Schutzbrief</marc:subfield>
          </marc:datafield>
          <marc:datafield tag="650" ind1="1" ind2=" ">
            <marc:subfield code="a">Druckwesen, Schriftwesen &gt; Urkunde, Zeugnis, Ausweis</marc:subfield>
          </marc:datafield>
          <marc:datafield tag="600" ind1="1" ind2=" ">
            <marc:subfield code="a">Tilly, de</marc:subfield>
            <marc:subfield code="d">* 1599 † 1650</marc:subfield>
          </marc:datafield>
          <marc:datafield tag="773" ind1="0" ind2=" ">
            <marc:subfield code="t">Harzbibliothek Akten und Urkunden</marc:subfield>
          </marc:datafield>
          <marc:datafield tag="852" ind1=" " ind2=" ">
            <marc:subfield code="a">Oberharzer Bergwerksmuseum</marc:subfield>
          </marc:datafield>
          <marc:datafield tag="" ind1=" " ind2=" ">
            <marc:subfield code="a">Namensnennung - Weitergabe unter gleichen Bedingungen 4.0 International (CC BY-SA 4.0)</marc:subfield>
          </marc:datafield>
        </marc:record>
      </metadata>
    </record>
  </GetRecord>
</OAI-PMH>
